| 000 | 00579nam a22001817a 4500 | ||
|---|---|---|---|
| 003 | SISC | ||
| 005 | 20160927105131.0 | ||
| 008 | 160927b xxu||||| |||| 00| 0 eng d | ||
| 020 | _a9780273786542 | ||
| 050 |
_aHF 5548.32 _b.C346 2015 |
||
| 100 | _aChaffey, Dave. | ||
| 245 |
_aDigital business and e-commerce management : _bstrategy, implementation and practice / _cDave Chaffey. |
||
| 250 | _a6th edition. | ||
| 260 |
_aEngland : _bPearson, _c2015. |
||
| 300 |
_axxxi, 680 pages : _bcolor illustrations ; _c27 cm. |
||
| 500 | _aIncludes glossary and index. | ||
| 942 |
_2lcc _cBK |
||
| 999 |
_c305122 _d305122 |
||